000 00500nam a2200181Ia 4500
001 8722
005 20260306160630.0
008 260306t1998||||xx |||||||||||||| ||spa||
041 _aESP
082 _a371.3
_bN86
100 _aNovak, Joseph D.
_eAUT
245 0 _aConocimiento y aprendizaje :
_blos mapas conceptuales como herramientas facilitadoras para escuelas y empresas
260 _c1998
300 _a315 páginas :
_c24 cm.
650 _aGEN
654 _aCED
942 _cLIB
_dJUS
_fJUS
_2ddc
_n
999 _c8722
_d8722